000 00519nam a2200193Ia 4500
003 GCL
008 140319s9999 xx 000 0 eng d
040 _aGCL /
_cGCL
082 0 4 _a709.0214
_bP C
100 1 _aPENA, IGNACIO
245 1 0 _aTHE CHRISTIAN ART OF BYZANTIAN SYERIA /
_cPENA, IGNACIO
260 _a[S.N] :
_bGARNET PUBLISHINGG LIMITED ،
_c1996
300 _a256 P
650 0 4 _aART, BYZANTINE
650 0 4 _aBYZANTIUM EMPIRE - HISTORY
650 0 4 _aART
650 0 4 _aSYRIA - HISTORY
942 _2ddc
_cBK
999 _c15003
_d15003